000 00439cam a22001337a 4500
008 180718b1961 xxu||||| |||| 00| 0 eng d
082 _aX1x42 J412
100 _aJenkins, Frank
245 _aArchitech and patron: a survey of professional relations and practice in England from the sixteenth century to the present day
_cby Frank Jenkins
260 _aLondon
_bOUP
_c1961
300 _a254p.
500 _a35/-
650 _aArchitects - U.K.
999 _c371208
_d371208